| 000 | 00735cam a2200253 i 4500 | ||
|---|---|---|---|
| 001 | 359501 | ||
| 003 | OSt | ||
| 005 | 20160905181825.0 | ||
| 008 | 770617s1977 nyu 000 1 eng | ||
| 010 | _a 77022828 | ||
| 020 | _a0-671-22656-8 | ||
| 040 |
_aDLC _cDLC _dDLC _dDLC |
||
| 050 | 0 | 0 |
_aPZ4.K1438 _bIn _aPS3561.A4163 |
| 082 | 0 | 0 |
_aDFic _21977 _bK12 |
| 100 | 1 | _aKalb, Marvin L. | |
| 245 | 1 | 0 |
_aIn the national interest / _cMarvin Kalb, Ted Koppel. |
| 260 |
_aNew York : _bSimon and Schuster, _cc1977. |
||
| 300 |
_a371 pages ; _c23 cm. |
||
| 650 | 0 |
_aFiction _914144 |
|
| 655 | 7 |
_aPolitical fiction. _2lcsh |
|
| 700 | 1 |
_aKoppel, Ted, _d1940 February 8- |
|
| 906 |
_a7 _bcbc _corignew _d1 _eocip _f19 _gy-gencatlg |
||
| 942 |
_2ddc _cDFIC |
||
| 999 |
_c4360 _d4360 |
||